¡Ugh!: (Registro nro. 15390)

000 -CABECERA
campo de control de longitud fija 01648nam a22002897a 4500
003 - IDENTIFICADOR DEL NÚMERO DE CONTROL
campo de control OSt
005 - FECHA Y HORA DE LA ÚLTIMA TRANSACCIÓN
campo de control 20240419160626.0
008 - DATOS DE LONGITUD FIJA--INFORMACIÓN GENERAL
campo de control de longitud fija 240416b ||||| |||| 00| 0 spa d
020 ## - NÚMERO INTERNACIONAL ESTÁNDAR DEL LIBRO
Número Internacional Estándar del Libro 9786287609105
040 ## - FUENTE DE LA CATALOGACIÓN
Centro/agencia transcriptor CO-Mq BPB
041 ## - CÓDIGO DE LENGUA
Código de lengua del texto/banda sonora o título independiente spa
082 ## - NÚMERO DE LA CLASIFICACIÓN DECIMAL DEWEY
Número de clasificación A
Número de documento/Ítem YOC1
100 ## - ENTRADA PRINCIPAL--NOMBRE DE PERSONA
Nombre de persona Yockteng, Rafael
Término indicativo de función/relación autor, ilustrado
245 ## - MENCIÓN DE TÍTULO
Título ¡Ugh!:
Resto del título un relato del pleistoceno
250 ## - MENCIÓN DE EDICIÓN
Mención de edición Primera reimpresión
Resto de la mención de edición Edición especial
264 ## - PRODUCCIÓN, PUBLICACIÓN, DISTRIBUCIÓN, FABRICACIÓN Y COPYRIGHT
Producción, publicación, distribución, fabricación y copyright Bogotá:
Nombre del de productor, editor, distribuidor, fabricante Babel Libros
Fecha de producción, publicación, distribución, fabricación o copyright 2023
300 ## - DESCRIPCIÓN FÍSICA
Extensión 64 páginas sin numerar
Otras características físicas ilustraciones en blanco y negro, tapa dura
Dimensiones 25 cm
490 ## - MENCIÓN DE SERIE
Mención de serie Plan Nacional de Lectura y Escritura Leer es mi Cuento / Ministerio de Cultura
521 ## - NOTA DE PÚBLICO DESTINATARIO
Nota de público destinatario Una tribu nómada hace un peligroso viaje para llegar a las cuevas que serán su refugio durante el invierno. La menor de las mujeres, siempre atenta a las señales de la naturaleza, a los depredadores y a lo que hace su clan, ve en la superficie de las rocas la posibilidad —y el deseo— de expresar lo que ha vivido durante el viaje. Es así como un día, en los albores de lo humano, nace la narración, nacen las historias que acompañaran a la humanidad en adelante y hasta hoy
521 ## - NOTA DE PÚBLICO DESTINATARIO
Nota de público destinatario Recomendado para público infantil
521 ## - NOTA DE PÚBLICO DESTINATARIO
Nota de público destinatario Colección de actualización bibliográfica para la Red Nacional de Bibliotecas Públicas del Ministerio de Cultura en el marco del Plan Nacional de Lectura, Escritura y Oralidad, Leer es mi Cuento, 2023
650 ## - PUNTO DE ACCESO ADICIONAL DE MATERIA--TÉRMINO DE MATERIA
Término de materia o nombre geográfico como elemento de entrada Literatura infantil colombiana
Subdivisión cronológica Siglo XXI
650 ## - PUNTO DE ACCESO ADICIONAL DE MATERIA--TÉRMINO DE MATERIA
Término de materia o nombre geográfico como elemento de entrada Nómadas en la literatura
650 ## - PUNTO DE ACCESO ADICIONAL DE MATERIA--TÉRMINO DE MATERIA
Término de materia o nombre geográfico como elemento de entrada Libros ilustrados para niños
700 ## - PUNTO DE ACCESO ADICIONAL--NOMBRE DE PERSONA
Nombre de persona Buitrago, Jairo
Fechas asociadas al nombre 1970
Término indicativo de función/relación autor, ilustrador
942 ## - ELEMENTOS DE PUNTO DE ACCESO ADICIONAL (KOHA)
Fuente del sistema de clasificación o colocación
Tipo de ítem Koha Libro Infantil
Existencias
Estado de retiro Estado de pérdida Fuente del sistema de clasificación o colocación Estado dañado No para préstamo Código de colección Localización permanente Ubicación/localización actual Ubicación en estantería Fecha de adquisición Fuente de adquisición Número de inventario Total de préstamos Signatura topográfica completa Código de barras Fecha visto por última vez Número de copia Precio válido a partir de Tipo de ítem Koha Nota pública
          Literatura Infantil Biblioteca Pública San Juan Bosco Biblioteca Pública San Juan Bosco Literatura 25/06/2024 Dotación PNL 2023 NT   A YOCu MOS503830 21/03/2025 Ej.1 25/06/2024 Libro Infantil Quince dias
          Literatura Infantil Sede: La Armonía de Usca Sede: La Armonía de Usca Literatura 16/04/2024 Dotación PNL 2023 NT   A YOC1 MUS000402 16/04/2024 Ej.1 16/04/2024 Libro Infantil Quince dias

© Todos los derechos reservados para la Biblioteca Pública Municipal San Juan Bosco, 2020
Secretaria de Cultura de Mosquera
Carrera 3 N° 10 Esquina Centro Cultural Barrio El Carmén Teléfono: 8270830 Ext: 34
Funcionando con KOHA
Contacto: Biblioteca Pública Municipal San Juan Bosco/ bibliotecasanjuanbosco@mosquera-cundinamarca.gov.co
Mosquera, Cundinamarca